| 000 | 01151nam a2200229Ia 4500 | ||
|---|---|---|---|
| 999 |
_c34489 _d34489 |
||
| 001 | 238 | ||
| 003 | GE_BSU | ||
| 005 | 20240425152533.0 | ||
| 008 | 181216s2008||||ge |||||||||||||| ||geo|| | ||
| 020 | _a9789994075546 | ||
| 040 | _cGE_BSU | ||
| 041 | _ageo | ||
| 080 | _a821.353.1 | ||
| 245 |
_aქართული ჰაგიოგრაფიული ძეგლები: _b ორიგინალური ტექსტები და ახალი ქართული თარგმანები : 3 ტომად. ტ. 3 / _c[რედ. ლევან აბაშიძე ; მხატვ. გაფორმება გიორგი პერანიძე] |
||
| 264 |
_aთბილისი : _c 2008. |
||
| 300 |
_a653 გვ.; _b20 სმ. |
||
| 653 | _aქართული ჰაგიოგრაფიული ძეგლები | ||
| 653 | _aწმინდანთა ცხოვრება. | ||
| 700 |
_aაბაშიძე, ლევან _eრედაქტორი _91268 |
||
| 700 |
_aპერანიძე, გიორგი _eმხატვარი _921938 |
||
| 942 |
_cBK _2udc |
||